Посвете : (Record no. 527551)
[ view plain ]
| 000 -LEADER | |
|---|---|
| fixed length control field | 00767nam a2200217 a 4500 |
| 001 - CONTROL NUMBER | |
| control field | 000790227 |
| 003 - CONTROL NUMBER IDENTIFIER | |
| control field | AM-YEHGA |
| 005 - DATE AND TIME OF LATEST TRANSACTION | |
| control field | 20250618080117.0 |
| 008 - FIXED-LENGTH DATA ELEMENTS--GENERAL INFORMATION | |
| fixed length control field | 110218s1996 rs ||||gr|||||||||p|srp|d |
| 040 ## - CATALOGING SOURCE | |
| Original cataloging agency | AM-YeHGA |
| 041 1# - LANGUAGE CODE | |
| Language code of text/sound track or separate title | srp |
| Language code of original | rus |
| 090 ## - LOCALLY ASSIGNED LC-TYPE CALL NUMBER (OCLC); LOCAL CALL NUMBER (RLIN) | |
| -- | 565657 |
| 100 1# - MAIN ENTRY--PERSONAL NAME | |
| Personal name | Կապուտիկյան, Սիլվա Բարունակի, |
| Dates associated with a name | 1919-2006 |
| 9 (RLIN) | 1396 |
| 245 10 - TITLE STATEMENT | |
| Title | Посвете : |
| Remainder of title | Изабране песме / |
| Statement of responsibility, etc. | Силва Капутикjан ; Превео са руског М. Вуковић. |
| 260 ## - PUBLICATION, DISTRIBUTION, ETC. | |
| Place of publication, distribution, etc. | Крагуевац : |
| Name of publisher, distributor, etc. | Ротопринт, |
| Date of publication, distribution, etc. | 1996. |
| 300 ## - PHYSICAL DESCRIPTION | |
| Extent | 56 p. ; |
| Dimensions | 19 сm. |
| 440 #0 - SERIES STATEMENT/ADDED ENTRY--TITLE | |
| Title | Библиотека извори ; |
| Volume/sequential designation | 7 |
| 650 14 - SUBJECT ADDED ENTRY--TOPICAL TERM | |
| Topical term or geographic name entry element | Հայ գրականություն |
| 700 1# - ADDED ENTRY--PERSONAL NAME | |
| Personal name | Вуковић, Милан |
| Relationship | trl |
| 942 ## - ADDED ENTRY ELEMENTS (KOHA) | |
| Source of classification or shelving scheme | Universal Decimal Classification |
| Koha item type | Գրքեր / Books |
| Withdrawn status | Lost status | Source of classification or shelving scheme | Damaged status | Not for loan | Collection | Home library | Current library | Date acquired | Cost, normal purchase price | Total checkouts | Full call number | Barcode | Date last seen | Price effective from | Koha item type | Public note |
|---|---|---|---|---|---|---|---|---|---|---|---|---|---|---|---|---|
| Universal Decimal Classification | General | Fundamental Scientific Library | Fundamental Scientific Library | 27/04/2023 | 500.00 | И II/117758 | FL0671785 | 27/04/2023 | 27/04/2023 | Գրքեր / Books | 30 Days Loan |
ՀՀ Գիտությունների ազգային ակադեմիայի հիմնարար գիտական գրադարան = Fundamental Scientific Library of NAS RA
All site content, except where otherwise noted, is licensed under a